Introduction générale au droit / (Record no. 7848)

MARC details
000 -LEADER
fixed length control field 03178cam a2200349Mi 4500
001 - CONTROL NUMBER
control field on1269275304
003 - CONTROL NUMBER IDENTIFIER
control field TZ-ArACH
005 - DATE AND TIME OF LATEST TRANSACTION
control field 20260414091425.0
008 - FIXED-LENGTH DATA ELEMENTS--GENERAL INFORMATION
fixed length control field 210830t20212021fr f pb 001 0 fre d
020 ## - INTERNATIONAL STANDARD BOOK NUMBER
International Standard Book Number 9782275090788 (br)
020 ## - INTERNATIONAL STANDARD BOOK NUMBER
International Standard Book Number 2275090789 (br)
024 30 - OTHER STANDARD IDENTIFIER
Standard number or code 9782275090788
029 0# - (OCLC)
OCLC library identifier ZWZ
System control number 257019812
035 ## - SYSTEM CONTROL NUMBER
System control number (OCoLC)1269275304
040 ## - CATALOGING SOURCE
Original cataloging agency ZWZ
Language of cataloging fre
Description conventions ncafnor
Transcribing agency TZ-ArACH
049 ## - LOCAL HOLDINGS (OCLC)
Holding library TZAA
050 ## - LIBRARY OF CONGRESS CALL NUMBER
Classification number KJV450
Item number .D86 2021
100 1# - MAIN ENTRY--PERSONAL NAME
Personal name Deumier, Pascale
Dates associated with a name (1972-....).
Relator code aut
Relator term Auteur.
245 10 - TITLE STATEMENT
Title Introduction générale au droit /
Statement of responsibility, etc Pascale Deumier
250 ## - EDITION STATEMENT
Edition statement 6e édition.
300 ## - PHYSICAL DESCRIPTION
Extent 1 vol. (398 p.) ;
Dimensions 22 cm.
490 1# - SERIES STATEMENT
Series statement Manuel,
International Standard Serial Number 0990-3909
500 ## - GENERAL NOTE
General note LGDJ = Librairie générale de droit et de jurisprudence.
504 ## - BIBLIOGRAPHY, ETC. NOTE
Bibliography, etc Bibliogr. p. 9-10. Notes bibliogr. Index.
520 ## - SUMMARY, ETC.
Summary, etc L’objectif de cette introduction générale au droit est de fournir aux étudiants les connaissances fondamentales nécessaires pour aborder les autres cours de leurs études juridiques. À cette fin, son contenu est divisé en deux parties. D’une part, il est nécessaire d’avoir une vue d’ensemble et une compréhension générale de ce qu’est le droit, de ses éléments saillants et de ses différentes perceptions, qui constituent l’ensemble d’une culture juridique de base. Qu’est-ce que le droit : une règle, un juge, un système ? D’où vient son autorité ? Comment s’est-il manifesté, hier et aujourd’hui, ici et ailleurs ? D’autre part, il est nécessaire de maîtriser les outils fondamentaux du droit, à savoir les normes. D’où viennent-elles ? Comment peuvent-elles être identifiées ? Comment peuvent-elles être appliquées et comment les conflits peuvent-ils être résolus ? L’approche adoptée par cette introduction générale met l’accent sur le caractère général du droit (S0 (B)). Dans cette perspective, introduire le droit aujourd’hui signifie introduire le droit, public ou privé, d’origine nationale mais aussi internationale et européenne, tout en reconnaissant qu’il existe d’autres manières de pratiquer le droit ailleurs. Introduire le droit aujourd’hui signifie également introduire le droit tel qu’il se présente traditionnellement, à travers la législation et l’État, mais aussi Ce livre explore la complexité contemporaine du droit, à travers l'interaction de différents systèmes, sources et modes de régulation. Il s'adresse principalement aux étudiants en droit, qu'ils soient en première année ou qu'ils souhaitent consolider leurs connaissances juridiques générales en vue d'examens ou de concours (par exemple, CRFPA, ENM). Il peut également intéresser les juristes plus expérimentés désireux de réexaminer des questions juridiques générales ou de maîtriser l'interaction des normes juridiques.
650 #7 - SUBJECT ADDED ENTRY--TOPICAL TERM
Topical term or geographic name as entry element Droit
Geographic subdivision France.
Source of heading or term ram
9 (RLIN) 306
655 #7 - INDEX TERM--GENRE/FORM
Genre/form data or focus term Manuels d'enseignement supérieur.
Source of term ram
776 0# - ADDITIONAL PHYSICAL FORM ENTRY
Title Introduction générale au droit / Pascale Deumier,...
Place, publisher, and date of publication Paris : LGDJ, un savoir faire de Lextenso, 2021
Record control number (ABES)261851810
830 #0 - SERIES ADDED ENTRY--UNIFORM TITLE
Uniform title Manuel (Paris)
886 2# - FOREIGN MARC INFORMATION FIELD
2 unimarc
a 181
-- i#
b xxxe##
942 ## - ADDED ENTRY ELEMENTS (KOHA)
Source of classification or shelving scheme Library of Congress Classification
Koha item type Books
Holdings
Home library Current library Date acquired Full call number Barcode Koha item type
African Court on Human and Peoples' Rights Library African Court on Human and Peoples' Rights Library 14/04/2026 KJV450 .D86 2021 10044353 Books

African Court on Human and Peoples' Rights | For Inquiries Contact » +255 272 510 510